01334nam a2200301 4500001000400000003000400004005001700008008004100025020001400066040000800080041001300088082001700101100003400118240002500152245008900177260003200266300001100298520050300309650002500812650002700837650003100864650001900895650003300914655001200947655001600959700003300975830002401008452OSt20250701145127.0250701b |||||||g |||| 00| j eng d a853251409 bpor hengapor a028.5bA649a1 aApplegate, Katherine.d1956 - aAnimorphs: the alien aAnimorphs:bO andróide /cApplegate, Katherine; Tradução de Regina Stela Braga aRio de JaneirobRoccoc2002 a147 p. aQuando Marco reencontra seu velho amigo Erek não dá muita importância ao fato. Tem coisas mais importantes a fazer. Como ajudar a salvar o mundo. Mas desde que vê o amigo no meio dos garotos do The Sharing, começa a desconfiar que alguma coisa estranha está acontecendo. Então Marco, Jake e Ax decidem morfar a vigiá-lo para ver se ele havia sido enfestado com Yeerk. A boa notícia é que não se trata de um Controlador-humano. A má é que Erek também não é humano...  0aLiteratura Americana 0aInvasão alienígena 0aAdolescentes como heróis 0aInfantojuvenil 0aTransformação em animais 0aRomance 0aFicção  aRegina Stela BragaeTRADUTOR aAnimorphs vvol. 10